Esencia pura (Registro nro. 15297)

Detalles MARC
000 - LÍDER
campo de control de longitud fija 00926nam a22002777a 4500
005 - FECHA Y HORA DE LA ÚLTIMA TRANSACCIÓN
campo de control 20210818182250.0
008 - ELEMENTOS DE DATOS DE LONGITUD FIJA - INFORMACIÓN GENERAL
campo de control de longitud fija 190812s2018 ck gr 001 jdspa d
020 ## - INTERNATIONAL STANDARD BOOK NUMBER
International Standard Book Number 9789584698681
040 ## - FUENTE DE CATALOGACIÓN
Agencia de catalogación original COMFC
Lenguaje de catalogación spa
Descripción convenciones rda
041 ## - CÓDIGO DE LENGUAJE
Código de idioma de texto / pista de sonido o título separado spa
082 04 - NÚMERO DE CLASIFICACIÓN DECIMAL DEWEY
Número de clasificación 111.1
Número de artículo S131e Vol. 1
100 1# - ENTRADA PRINCIPAL - NOMBRE PERSONAL
9 (RLIN) 54873
Nombre de la persona Sahara, Amara
Término del Relator aut
245 10 - TÍTULO DECLARACIÓN
Título Esencia pura
Declaración de responsabilidad Amara Sahara
264 01 - AVISO DE PRODUCCIÓN, PUBLICACIÓN, DISTRIBUCIÓN, FABRICACIÓN Y DERECHOS DE AUTOR
Lugar de producción Pereira
Nombre del productor Klepsidra Editorial
Fecha de producción 2018
300 ## - DESCRIPCIÓN FÍSICA
Alcance 223 páginas
Dimensiones 20 cm
336 ## - TIPO DE CONTENIDO
Fuente rdacontent
Tipo de contenido txt
337 ## - TIPO DE MEDIO
Fuente rdamedia
Término del tipo de medio n
338 ## - TIPO DE PORTADOR
Fuente rdacarrier
Término del tipo de operador nc
490 ## - DECLARACIÓN EN SERIE
-- 54871
Estado de cuenta de la serie Colección Memorial
500 ## - NOTA GENERAL
Nota general Contiene datos biográficos del autor
650 #0 - ENTRADA DE SUJETO AÑADIDO - TÉRMINO TÓPICO
9 (RLIN) 54874
Término tópico o elemento de entrada del nombre geográfico Dualidad del Ser
650 #0 - ENTRADA DE SUJETO AÑADIDO - TÉRMINO TÓPICO
9 (RLIN) 51764
Término tópico o elemento de entrada del nombre geográfico Valores Cristianos
650 #0 - ENTRADA DE SUJETO AÑADIDO - TÉRMINO TÓPICO
9 (RLIN) 22715
Término tópico o elemento de entrada del nombre geográfico Mensajes
830 ## - ENTRADA AGREGADA EN SERIE - TÍTULO UNIFORME
9 (RLIN) 54297
Título uniforme Depósito Legal - Sala de Patrimonio Bibliográfico y Documental de Risaralda
942 ## - ELEMENTOS DE ENTRADA AGREGADOS (KOHA)
Fuente de clasificación o esquema de estanterías Dewey Decimal Classification
Parte de clasificación 111.1 S131e Vol. 1
Prefijo del número de llamada 111.1
Sufijo del número de llamada S131e Vol. 1
Existencias
Estado de retirada Pérdida de estatus Fuente de clasificación o esquema de estanterías Estado dañado No para préstamo Código de recogida Ubicación permanente Ubicación actual Ubicación de las estanterías Fecha de adquisición Total de Cajas Número Topográfico Código de barras Precio efectivo desde Número de copia Fecha de la última vez que se vio Tipo de artículo Koha
    Dewey Decimal Classification     General Biblioteca Pública Departamental Comfamiliar Risaralda Biblioteca Pública Departamental Comfamiliar Risaralda Área General 12/08/2019   111.1 S131e Vol. 1 2475 12/08/2019 Ej. 1 12/08/2019 Libro